[Event "World Rapid Women 2019"]
[Site "Moscow RUS"]
[Date "2019.12.28"]
[Round "10.39"]
[White "Mikhaylova, Irina"]
[Black "Muetsch, Annmarie"]
[Result "1/2-1/2"]
[WhiteTitle "WGM"]
[BlackTitle "WIM"]
[WhiteElo "2288"]
[BlackElo "2227"]
[WhiteFideId "4109040"]
[BlackFideId "12971367"]
[EventDate "2019.12.26"]

1. d4 Nf6 2. Nf3 g6 3. c4 Bg7 4. Nc3 O-O 5. e4 d6 6. Be2 Na6 7. O-O e5 8. Be3 c6
9. d5 Ng4 10. Bg5 f6 11. Bh4 h5 12. Nd2 c5 13. Rb1 Qd7 14. h3 Nh6 15. f3 f5 16.
a3 f4 17. b4 b6 18. bxc5 Nxc5 19. Nb3 Bf6 20. Nxc5 bxc5 21. Bxf6 Rxf6 22. Qa4
Qd8 23. Qc6 Bd7 24. Qb7 g5 25. Rb2 g4 26. fxg4 hxg4 27. hxg4 Bxg4 28. Rfb1 Rf8
29. Bf3 Qg5 30. Rf2 Rad8 31. Kf1 Rf7 32. Qb2 Rg7 33. Ke2 Qh4 34. Kd3 Rb7 35. Qe2
Rdb8 36. Rxb7 Rxb7 37. Kc2 Bd7 38. Rf1 Qd8 39. Rb1 Qb8 40. Qd1 Rb6 41. Rxb6 axb6
42. Qb1 Qa7 43. Qh1 Nf7 44. Kb2 Qc7 45. Qh5 Be8 46. Qg6+ Kf8 47. Bh5 Qe7 48. Nb5
Qg5 49. Qxg5 Nxg5 50. Bxe8 Kxe8 51. Nc3 f3 52. gxf3 Nxf3 53. Kc2 Kd7 54. Kd3
Ne1+ 55. Kd2 Nf3+ 56. Ke3 Nd4 57. Kd3 Nf3 58. Nd1 Ne1+ 59. Kd2 Nf3+ 60. Kc3 Nd4
61. Ne3 Ne2+ 62. Kd3 Nd4 63. Ng4 Nf3 64. Ne3 Nd4 65. Ng4 Nf3 66. Ne3 Nd4 67. Ng4
Nf3 1/2-1/2

[Event "World Rapid Women 2019"]
[Site "Moscow RUS"]
[Date "2019.12.28"]
[Round "10.40"]
[White "Tomilova, Elena"]
[Black "Lysenko, Margarita"]
[Result "1-0"]
[WhiteTitle "WGM"]
[BlackTitle "WFM"]
[WhiteElo "2341"]
[BlackElo "2290"]
[WhiteFideId "4162340"]
[BlackFideId "34100200"]
[EventDate "2019.12.26"]

1. e4 c5 2. Nf3 d6 3. d4 cxd4 4. Qxd4 a6 5. h3 Nc6 6. Qe3 Nf6 7. Be2 g6 8. O-O
Bg7 9. Rd1 Nd7 10. c4 O-O 11. Nc3 Nc5 12. Rb1 a5 13. Bd2 f5 14. exf5 Bxf5 15.
Rbc1 e5 16. Be1 Nd4 17. Nb5 Nxb5 18. cxb5 Qf6 19. Qg5 Rfd8 20. Bc4+ Be6 21. Qe3
Bxc4 22. Rxc4 b6 23. Bc3 Qe6 24. Rg4 Qxa2 25. h4 Qe6 26. Rg3 Qf5 27. Ng5 Qf4 28.
Qe2 Qxh4 29. Rg4 Qh5 30. Qc4+ d5 31. Rxd5 Rf8 32. Rd8+ Kh8 33. Nf7+ 1-0

[Event "World Rapid Women 2019"]
[Site "Moscow RUS"]
[Date "2019.12.28"]
[Round "10.41"]
[White "Garifullina, Leya"]
[Black "Protopopova, Anastasiya"]
[Result "0-1"]
[WhiteTitle "WIM"]
[BlackTitle "WFM"]
[WhiteElo "2308"]
[BlackElo "2230"]
[WhiteFideId "34127035"]
[BlackFideId "24172073"]
[EventDate "2019.12.26"]

1. e4 c5 2. Nf3 e6 3. d4 cxd4 4. Nxd4 Nf6 5. Nc3 Nc6 6. Nxc6 bxc6 7. e5 Nd5 8.
Ne4 Qc7 9. f4 Qb6 10. c4 Bb4+ 11. Ke2 f5 12. exf6 Nxf6 13. Be3 Qd8 14. Nd6+ Bxd6
15. Qxd6 Bb7 16. g4 c5 17. Rg1 Ne4 18. Qe5 O-O 19. Bg2 d6 20. Qxe6+ Kh8 21. Bxe4
Rf6 22. Bxb7 Rxe6 23. Bxa8 Qxa8 24. f5 Re8 25. Rg3 Qe4 26. Rc1 a5 27. b3 a4 28.
Kf2 axb3 29. axb3 Ra8 30. Kg1 Ra2 31. Rf1 Qc2 32. Bf2 h6 33. h4 Rb2 34. g5 Rxb3
35. gxh6 gxh6 36. f6 Rb1 37. Be1 Rb2 38. Bf2 Rb1 39. Be1 Rb2 40. Rf2 Qc1 41.
Rxb2 Qxe1+ 42. Kh2 Qe5 43. Rf2 Qd4 44. Kg2 Qe4+ 45. Rgf3 Qg4+ 46. Kf1 Qxc4+ 47.
Re2 Qf7 48. Rf4 c4 49. Re7 Qd5 50. f7 Qh1+ 0-1

[Event "World Rapid Women 2019"]
[Site "Moscow RUS"]
[Date "2019.12.28"]
[Round "10.42"]
[White "Agrest, Inna"]
[Black "Nurgali, Nazerke"]
[Result "0-1"]
[WhiteTitle "WIM"]
[BlackTitle "WFM"]
[WhiteElo "2286"]
[BlackElo "2336"]
[WhiteFideId "1708830"]
[BlackFideId "13711261"]
[EventDate "2019.12.26"]

1. e4 c6 2. d4 d5 3. f3 e6 4. Nc3 Bb4 5. Bf4 Nf6 6. Qd3 O-O 7. Ne2 c5 8. a3
Bxc3+ 9. bxc3 b6 10. Bg5 c4 11. Qe3 h6 12. Bf4 Nc6 13. e5 Nh5 14. h4 Nxf4 15.
Nxf4 f6 16. Ng6 Rf7 17. f4 Ne7 18. Nxe7+ Qxe7 19. Be2 f5 20. g4 fxg4 21. Bxg4
Bd7 22. Kd2 Raf8 23. Raf1 b5 24. Bh5 Rf5 25. Bg6 a5 26. Bxf5 Rxf5 27. Rfg1 Qf8
28. Rg4 h5 29. Rg2 Be8 30. Rhg1 g6 31. Rg5 Rxf4 32. R1g2 Kh7 33. Qg3 Rf3 34. Qh2
Qxa3 35. R5g3 Qxc3+ 36. Ke2 Qe3+ 0-1

[Event "World Rapid Women 2019"]
[Site "Moscow RUS"]
[Date "2019.12.28"]
[Round "10.43"]
[White "Diakonova, Ekaterina"]
[Black "Sgircea, Silvia-Raluca"]
[Result "0-1"]
[BlackTitle "WIM"]
[WhiteElo "2218"]
[BlackElo "2271"]
[WhiteFideId "24172936"]
[BlackFideId "1213776"]
[EventDate "2019.12.26"]

1. e4 c5 2. Nf3 Nc6 3. d4 cxd4 4. Nxd4 g6 5. c4 Bg7 6. Be3 Nf6 7. Nc3 d6 8. h3
O-O 9. Be2 Nxd4 10. Bxd4 Be6 11. O-O a5 12. b3 Nd7 13. Bxg7 Kxg7 14. Bg4 f5 15.
exf5 gxf5 16. Bf3 Nc5 17. Qd4+ Kg8 18. Rfe1 Bf7 19. Rad1 Rc8 20. Kh1 b6 21. g4
e5 22. Qxd6 Qh4 23. Kg2 e4 24. Be2 Bg6 25. Nd5 Rf7 26. Nf4 fxg4 27. Bxg4 Rcf8
28. Nxg6 Qxf2+ 29. Kh1 hxg6 30. Qxg6+ Rg7 31. Qh5 e3 32. Re2 Qf4 33. Qd5+ Kh8
34. Qd4 Ne4 35. Kg1 Qg3+ 36. Rg2 Qf4 37. Re2 Ng3 38. Ree1 Qf2# 0-1

[Event "World Rapid Women 2019"]
[Site "Moscow RUS"]
[Date "2019.12.28"]
[Round "10.44"]
[White "Dauletova, Gulmira"]
[Black "Gevorgyan, Maria"]
[Result "1-0"]
[WhiteTitle "WIM"]
[BlackTitle "WGM"]
[WhiteElo "2250"]
[BlackElo "2255"]
[WhiteFideId "13702971"]
[BlackFideId "13300270"]
[EventDate "2019.12.26"]

1. e4 c5 2. Nf3 Nc6 3. d4 cxd4 4. Nxd4 g6 5. Nc3 Bg7 6. Be3 Nf6 7. Bc4 O-O 8.
Bb3 Re8 9. f3 e6 10. f4 d6 11. Ndb5 Bf8 12. O-O a6 13. Nd4 Na5 14. f5 exf5 15.
Bg5 Nxb3 16. axb3 h6 17. Bxf6 Qxf6 18. Nd5 Qd8 19. exf5 Re5 20. c4 Bxf5 21. Nxf5
gxf5 22. Qd3 Qg5 23. Rf3 Bg7 24. Raf1 Rae8 25. Nc7 R8e7 26. Rg3 Qh4 27. Qxd6 f4
28. Rh3 Qg5 29. Qd8+ Kh7 30. Qd3+ f5 31. Nd5 Re2 32. g3 R7e3 33. Nxe3 Rxe3 34.
Qd7 Qg4 35. Rh4 Rxg3+ 36. hxg3 Qxg3+ 37. Kh1 Qxh4+ 38. Kg2 Qg3+ 39. Kh1 Qh3+ 40.
Kg1 f3 41. Rf2 Qg4+ 42. Kf1 Qe4 43. Rd2 Kg6 44. Qd5 Qg4 45. Qe6+ Kh7 46. Qf7
Qh3+ 47. Kf2 Qg2+ 48. Ke3 f4+ 49. Qxf4 Qg1+ 50. Kxf3 Qf1+ 51. Ke4 Qe1+ 52. Kd5
Qe8 53. Qe4+ Qxe4+ 54. Kxe4 h5 55. Kf5 1-0

[Event "World Rapid Women 2019"]
[Site "Moscow RUS"]
[Date "2019.12.28"]
[Round "10.45"]
[White "Nomin-Erdene, Davaademberel"]
[Black "Injac, Teodora"]
[Result "1-0"]
[WhiteTitle "IM"]
[BlackTitle "WIM"]
[WhiteElo "2425"]
[BlackElo "2284"]
[WhiteFideId "4900782"]
[BlackFideId "932400"]
[EventDate "2019.12.26"]

1. f4 d5 2. Nf3 Nf6 3. g3 g6 4. Bg2 Bg7 5. O-O O-O 6. d3 c6 7. h3 Nbd7 8. c3 Re8
9. Ne5 Nxe5 10. fxe5 Nh5 11. g4 Ng3 12. Rf3 Qb6+ 13. Kh2 Bxe5 14. d4 Bd6 15.
Rxg3 Bxg3+ 16. Kxg3 e5 17. dxe5 Rxe5 18. Bf4 Re8 19. b3 Bd7 20. Bf3 a5 21. Qd4
Qxd4 22. cxd4 a4 23. b4 a3 24. Nd2 Ra4 25. Rb1 f6 26. h4 Kg7 27. Kf2 h6 28. Rb3
g5 29. hxg5 hxg5 30. Bd6 Rea8 31. Nb1 f5 32. Nc3 R4a6 33. Be5+ Kg6 34. b5 cxb5
35. Bxd5 Bc6 36. gxf5+ Kxf5 37. e4+ Kg6 38. Kg3 Rf8 39. Bc7 Rf1 40. Nxb5 Ra1 41.
Nc3 Ra8 42. Be6 Rh8 43. Bf5+ Kf7 44. d5 Be8 45. Rxb7 Rhh1 46. Be5+ Kg8 47. Be6+
Bf7 48. Bxf7+ Kf8 49. Bd6+ Kg7 50. Be6+ Kh6 51. Bf8+ Kg6 52. Bf5+ 1-0

[Event "World Rapid Women 2019"]
[Site "Moscow RUS"]
[Date "2019.12.28"]
[Round "10.46"]
[White "Guindy, Esmat Susanne"]
[Black "Bodnaruk, Anastasia"]
[Result "0-1"]
[WhiteTitle "WFM"]
[BlackTitle "IM"]
[WhiteElo "2120"]
[BlackElo "2413"]
[WhiteFideId "1401637"]
[BlackFideId "4181751"]
[EventDate "2019.12.26"]

1. c4 e5 2. g3 Nc6 3. Bg2 g6 4. Nc3 Bg7 5. e3 f5 6. d3 Nf6 7. Nge2 O-O 8. O-O d6
9. f4 Be6 10. Nd5 Qd7 11. Bd2 Nd8 12. Bc3 Nh5 13. e4 c6 14. Ne3 exf4 15. exf5
fxe3 16. fxe6 Rxf1+ 17. Qxf1 Nxe6 18. Qf3 Bh6 19. Qg4 Qe7 20. Rf1 Nc5 21. Bh3
Re8 22. Rf5 Ng7 23. Rf6 Nxd3 24. Qd4 Ne5 25. Qxd6 Bg5 26. Qxe7 Rxe7 27. Bxe5
Rxe5 28. Rd6 Re7 29. Kg2 Rf7 30. Nf4 Bxf4 31. Rd8+ Rf8 32. Rxf8+ Kxf8 33. gxf4
Nh5 34. Bg4 Nxf4+ 35. Kf3 e2 36. Kf2 c5 37. b3 Ke7 38. Bxe2 Nxe2 39. Kxe2 Kf6
40. Kf3 Kf5 41. h3 g5 42. a3 a5 0-1

[Event "World Rapid Women 2019"]
[Site "Moscow RUS"]
[Date "2019.12.28"]
[Round "10.47"]
[White "Karavaeva, Olga"]
[Black "Nebolsina, Vera"]
[Result "0-1"]
[WhiteTitle "WIM"]
[BlackTitle "WGM"]
[WhiteElo "2260"]
[BlackElo "2240"]
[WhiteFideId "4124111"]
[BlackFideId "4163591"]
[EventDate "2019.12.26"]

1. c4 Nf6 2. Nc3 g6 3. g3 Bg7 4. Bg2 d6 5. Nf3 O-O 6. O-O Nc6 7. d4 a5 8. b3 e5
9. dxe5 dxe5 10. Bb2 Be6 11. Nb5 Nd7 12. Qd2 h6 13. Rfd1 Qc8 14. Qe3 Re8 15. Rd2
a4 16. Rad1 axb3 17. axb3 Ra2 18. Bc3 Rxd2 19. Qxd2 Nc5 20. Qb2 Ne4 21. Bxe5
Nxe5 22. Nxe5 Bxc4 23. bxc4 Bxe5 24. Qb1 Nc5 25. e3 Qg4 26. Nd4 c6 27. h3 Qc8
28. Qb4 Na6 29. Qa5 Bc7 30. Qa3 Rd8 31. Rb1 Bd6 32. Qb2 Nc5 33. Nb3 Nd3 34. Qc2
Bf8 35. Rd1 Nb4 36. Rxd8 Qxd8 37. Qc3 Qd1+ 38. Kh2 Nd3 39. f4 Bb4 40. Qf6 Qxb3
41. f5 Qc3 42. Qd8+ Bf8 43. fxg6 fxg6 44. Qe8 Qf6 45. Qd7 Ne5 46. Qxb7 Qf2 47.
Kh1 Nf3 48. Bxf3 Qxf3+ 49. Kh2 Qf2+ 50. Kh1 Qf3+ 51. Kh2 Qe2+ 52. Kh1 Qxc4 0-1

[Event "World Rapid Women 2019"]
[Site "Moscow RUS"]
[Date "2019.12.28"]
[Round "10.48"]
[White "Getman, Tatyana"]
[Black "Balaian, Alina"]
[Result "1-0"]
[WhiteTitle "WFM"]
[BlackTitle "WIM"]
[WhiteElo "2265"]
[BlackElo "2243"]
[WhiteFideId "34166146"]
[BlackFideId "24115347"]
[EventDate "2019.12.26"]

1. d4 Nf6 2. c4 g6 3. Nc3 Bg7 4. e4 d6 5. Nf3 O-O 6. h3 e5 7. d5 Nh5 8. g3 Qe8
9. Be2 f5 10. exf5 gxf5 11. Nh4 Nf6 12. Qc2 e4 13. Be3 c5 14. dxc6 Nxc6 15.
O-O-O Qe7 16. Nb5 Ne8 17. Ng2 a6 18. Nc3 Be6 19. Nf4 Nf6 20. Rhg1 b5 21. Nxe6
Qxe6 22. g4 fxg4 23. hxg4 bxc4 24. g5 Ne8 25. Qxe4 Qxe4 26. Nxe4 Kh8 27. Bxc4
Ne5 28. Be2 Rb8 29. b3 a5 30. f4 Nc6 31. Bc4 a4 32. bxa4 Rb4 33. Bd3 Rxa4 34.
Rh1 Nb4 35. Rxh7+ Kg8 36. Bb1 Nxa2+ 37. Kd2 Rxe4 38. Bxe4 d5 39. Rxg7+ Nxg7 40.
Bxd5+ Kh7 41. Bxa2 Rd8+ 42. Ke2 Rxd1 43. Kxd1 Kg6 44. Ke2 Nh5 45. Kf3 Kf5 46.
Bb1+ Ke6 47. Kg4 Ng7 48. Bd4 Ne8 49. Be5 Kf7 50. Kh5 Kg8 51. Bg6 1-0

[Event "World Rapid Women 2019"]
[Site "Moscow RUS"]
[Date "2019.12.28"]
[Round "10.49"]
[White "Munkhzul, Turmunkh"]
[Black "Gansvind, Valeriya I."]
[Result "1-0"]
[WhiteTitle "WIM"]
[BlackTitle "WFM"]
[WhiteElo "2278"]
[BlackElo "2081"]
[WhiteFideId "4901878"]
[BlackFideId "4109821"]
[EventDate "2019.12.26"]

1. e4 g6 2. d4 d6 3. Nc3 Bg7 4. Nf3 c6 5. Be2 b5 6. a3 a6 7. O-O Qc7 8. Be3 Nd7
9. Qd2 Bb7 10. Rfe1 h6 11. Bf1 c5 12. Rad1 cxd4 13. Bxd4 Ngf6 14. e5 dxe5 15.
Nxe5 O-O 16. Nxd7 Qxd7 17. Qe2 Qc6 18. Qxe7 Rfe8 19. Qc5 Qxc5 20. Rxe8+ Rxe8 21.
Bxc5 Ng4 22. Bd4 Ne5 23. f4 Ng4 24. Bxg7 Kxg7 25. h3 Nf6 26. Kf2 Re7 27. Be2 Rc7
28. Rd4 Nd7 29. Rd6 Nc5 30. Bf3 Na4 31. Bxb7 Nxb2 32. Bc6 Nc4 33. Nd5 Rc8 34.
Rf6 Rd8 35. g4 Na5 36. Ke2 Nxc6 37. Rxc6 Rxd5 38. Rxa6 Rc5 39. Kd2 h5 40. Ra5
hxg4 41. hxg4 Rc4 42. Rxb5 Rxf4 43. Rb4 Rf1 44. a4 Ra1 45. g5 Kf8 46. Re4 Ra3
47. Kc1 f5 48. gxf6 Kf7 49. Kb2 Rh3 50. a5 Kxf6 51. a6 Rh7 52. Kb3 Ra7 53. Ra4
g5 54. Kb4 g4 55. Kb5 Kf5 56. Kb6 Ra8 57. a7 g3 58. Kb7 g2 59. Ra1 Rh8 60. Rg1
Rh7+ 61. Kb6 Rh6+ 62. Kb5 Rh8 63. Rxg2 Ke5 64. Rd2 1-0

[Event "World Rapid Women 2019"]
[Site "Moscow RUS"]
[Date "2019.12.28"]
[Round "10.50"]
[White "Zhukova, Natalia"]
[Black "Barchuk, Irina"]
[Result "1-0"]
[WhiteTitle "GM"]
[WhiteElo "2324"]
[BlackElo "2121"]
[WhiteFideId "14101513"]
[BlackFideId "14119005"]
[EventDate "2019.12.26"]

1. c4 g6 2. e4 c5 3. Nf3 Bg7 4. d4 cxd4 5. Nxd4 Nc6 6. Be3 Nf6 7. Nc3 O-O 8. Be2
b6 9. O-O Bb7 10. f3 e6 11. Qd2 d5 12. Nxc6 Bxc6 13. cxd5 exd5 14. e5 Ne8 15. f4
Nc7 16. Bf3 f6 17. exf6 Qxf6 18. Nxd5 Nxd5 19. Bxd5+ Bxd5 20. Qxd5+ Kh8 21. Rab1
Rad8 22. Qb3 Rfe8 23. h3 Qf5 24. Rbd1 Rxd1 25. Rxd1 Qe4 26. Kf2 Rc8 27. Rd2 h6
28. Qd3 Qxd3 29. Rxd3 Rc2+ 30. Kf3 Rxb2 31. Rd8+ Kh7 32. Rd7 Kg8 33. Rxg7+ 1-0

[Event "World Rapid Women 2019"]
[Site "Moscow RUS"]
[Date "2019.12.28"]
[Round "10.51"]
[White "Paramzina, Anastasya"]
[Black "Ovezdurdiyeva, Jemal"]
[Result "0-1"]
[WhiteTitle "WGM"]
[BlackTitle "WFM"]
[WhiteElo "2224"]
[BlackElo "2061"]
[WhiteFideId "4165012"]
[BlackFideId "14001888"]
[EventDate "2019.12.26"]

1. e4 c5 2. Nf3 d6 3. d4 cxd4 4. Nxd4 Nf6 5. Nc3 a6 6. Bd3 e5 7. Nde2 Be7 8. O-O
O-O 9. Ng3 Nc6 10. Nd5 Be6 11. Nxe7+ Qxe7 12. c3 h6 13. h3 d5 14. exd5 Nxd5 15.
Nf5 Bxf5 16. Bxf5 Rad8 17. Qg4 Qf6 18. Bc2 Nf4 19. Kh2 Rd6 20. Be3 Rfd8 21. g3
Ne6 22. h4 Ne7 23. Qe4 Nf8 24. Qxb7 Nd5 25. Bc5 Rc6 26. Bxf8 Rb6 27. Bxg7 Kxg7
28. Qa7 Rxb2 29. Bb3 Nb6 30. Kg1 Rdd2 31. Rae1 Rxf2 32. Qb7 Nc4 33. Qe4 Rxf1+
34. Rxf1 Qxf1+ 35. Kxf1 Nd2+ 36. Ke2 Nxe4+ 37. Kf3 Nxc3 0-1

[Event "World Rapid Women 2019"]
[Site "Moscow RUS"]
[Date "2019.12.28"]
[Round "10.52"]
[White "Enkhtuul, Altan-Ulzii"]
[Black "Antova, Gabriela"]
[Result "1-0"]
[WhiteTitle "WGM"]
[BlackTitle "FM"]
[WhiteElo "2200"]
[BlackElo "2314"]
[WhiteFideId "4901444"]
[BlackFideId "2915235"]
[EventDate "2019.12.26"]

1. d4 d5 2. Nf3 Nf6 3. g3 e6 4. Bg2 Be7 5. O-O O-O 6. c4 c6 7. Qc2 Nbd7 8. Nbd2
b6 9. e4 dxc4 10. Nxc4 Bb7 11. Rd1 c5 12. Ng5 g6 13. d5 exd5 14. exd5 Ne8 15.
Ne6 fxe6 16. dxe6 Bxg2 17. Kxg2 Qc7 18. exd7 Qc6+ 19. Kg1 Nf6 20. Bg5 Rad8 21.
Bh6 Nxd7 22. Bxf8 Rxf8 23. Qe2 Re8 24. Nd6 1-0

[Event "World Rapid Women 2019"]
[Site "Moscow RUS"]
[Date "2019.12.28"]
[Round "10.53"]
[White "Komiagina, Maria"]
[Black "Zhuravleva, Olga"]
[Result "0-1"]
[WhiteTitle "WIM"]
[BlackTitle "WIM"]
[WhiteElo "2233"]
[BlackElo "2278"]
[WhiteFideId "4153987"]
[BlackFideId "4145933"]
[EventDate "2019.12.26"]

1. c4 e5 2. Nc3 Nf6 3. Nf3 Nc6 4. a3 d5 5. cxd5 Nxd5 6. d3 Nb6 7. g3 Be7 8. Bg2
O-O 9. O-O Re8 10. b4 Bf8 11. Rb1 Bg4 12. h3 Bh5 13. Nd2 Rb8 14. Nde4 Nd4 15.
Nc5 c6 16. g4 Bg6 17. e3 Ne6 18. Nxe6 Rxe6 19. Ne4 Nd5 20. Bb2 Kh8 21. Qe2 f5
22. gxf5 Bxf5 23. Ng3 Bg6 24. Rbd1 Qe8 25. Rfe1 Bd6 26. Bf3 Bc7 27. Bg4 Rf6 28.
f4 Rf8 29. f5 Bf7 30. Rf1 Bb6 31. Rf3 h5 32. Kg2 Bxe3 33. Rh1 hxg4 34. hxg4+ Kg8
35. Ne4 Nf4+ 36. Rxf4 Bxf4 37. Qf3 Bd5 38. Qh3 Kf7 39. Kf2 Bxe4 40. dxe4 Rh8 41.
Qf1 Rxh1 42. Qxh1 Qh8 0-1

[Event "World Rapid Women 2019"]
[Site "Moscow RUS"]
[Date "2019.12.28"]
[Round "10.54"]
[White "Tsogzolmaa, Nanjid"]
[Black "Belenkaya, Dina"]
[Result "1/2-1/2"]
[BlackTitle "WGM"]
[WhiteElo "1884"]
[BlackElo "2298"]
[WhiteFideId "4903099"]
[BlackFideId "24142654"]
[EventDate "2019.12.26"]

1. d4 d5 2. Nf3 Nf6 3. Bf4 c5 4. e3 Nc6 5. Nbd2 Bf5 6. c3 Qb6 7. Qc1 e6 8. h3 h6
9. Be2 Be7 10. O-O O-O 11. Ne5 Rfd8 12. Ndf3 Ne4 13. Nd2 Rac8 14. Nxe4 Bxe4 15.
Qd2 Qa5 16. Bd3 Nxe5 17. Bxe5 Qa4 18. f3 Bxd3 19. Qxd3 b5 20. Rfd1 b4 21. b3 Qa3
22. dxc5 Bxc5 23. cxb4 Bxb4 24. Kh1 Bf8 25. Qd2 f6 26. Bb2 Qa6 27. Qf2 e5 28. f4
e4 29. Qg3 Bc5 30. Rd2 Qb6 31. Re2 Rc6 32. Rd1 Qa6 33. Red2 Rcd6 34. f5 Qb6 35.
Re2 Rc6 36. Red2 Bxe3 37. Rxd5 Rxd5 38. Rxd5 Rc2 39. Qg6 Rxb2 40. Qe8+ Kh7 41.
Qg6+ Kg8 42. Qe8+ Kh7 43. Qg6+ Kg8 44. Qe8+ 1/2-1/2

[Event "World Rapid Women 2019"]
[Site "Moscow RUS"]
[Date "2019.12.28"]
[Round "10.55"]
[White "Munkhzul, Davaakhuu"]
[Black "Fominykh, Maria"]
[Result "0-1"]
[WhiteTitle "WCM"]
[BlackTitle "WGM"]
[WhiteElo "1991"]
[BlackElo "2206"]
[WhiteFideId "4902815"]
[BlackFideId "4142411"]
[EventDate "2019.12.26"]

1. e4 d6 2. d4 Nf6 3. Nc3 Nbd7 4. Be3 e5 5. Nf3 Be7 6. h3 c6 7. Bc4 b5 8. Bb3 b4
9. Ne2 Nxe4 10. Qd3 exd4 11. Qxd4 Ndf6 12. Qxb4 O-O 13. O-O-O d5 14. Qa4 Qc7 15.
g4 Bd7 16. Bf4 Qb7 17. g5 Nh5 18. Be3 Rfd8 19. Ne5 Be8 20. f4 c5 21. Qa5 c4 22.
Nxc4 Bb4 23. Qxd8 Rxd8 24. Ne5 Bc5 25. Bxc5 Nxc5 26. f5 Nxb3+ 27. axb3 Qe7 28.
Rhe1 Qxe5 29. Nd4 Qf4+ 30. Kb1 Qxg5 31. Re5 Nf6 32. Rde1 Ne4 33. Nf3 Qg3 34. Rf1
Nd2+ 35. Nxd2 Qxe5 0-1

[Event "World Rapid Women 2019"]
[Site "Moscow RUS"]
[Date "2019.12.28"]
[Round "10.56"]
[White "Semenova, Elena1"]
[Black "Heinemann, Josefine"]
[Result "0-1"]
[WhiteTitle "WIM"]
[BlackTitle "WGM"]
[WhiteElo "2290"]
[BlackElo "2318"]
[WhiteFideId "24125148"]
[BlackFideId "12900460"]
[EventDate "2019.12.26"]

1. Nf3 d5 2. g3 g6 3. Bg2 Bg7 4. c4 d4 5. O-O Nc6 6. d3 e5 7. Nbd2 Nge7 8. a3 a5
9. b3 O-O 10. Rb1 Rb8 11. Qc2 h6 12. b4 axb4 13. axb4 b5 14. cxb5 Rxb5 15. Qa4
Rb7 16. b5 Ra7 17. Qc2 Nb8 18. Nc4 Nd7 19. Bd2 Bb7 20. Bb4 Re8 21. Na5 Bd5 22.
Bxe7 Qxe7 23. Nc6 Bxc6 24. bxc6 Nb6 25. Nd2 Rea8 26. Nc4 Ra2 27. Qb3 Nxc4 28.
Qxc4 Rxe2 29. Ra1 Rxa1 30. Rxa1 Qf6 31. Rf1 Bf8 32. Qd5 Bd6 33. Bf3 Rc2 34. Kg2
Kg7 35. Bd1 Rc3 36. Qe4 Qf5 37. Bf3 Rxd3 38. Qd5 Rc3 39. Ra1 Rc5 40. Qe4 Qxe4
41. Bxe4 f5 42. Bf3 e4 43. Be2 Rxc6 44. Ra4 d3 45. Bd1 Be5 46. Ra5 Kf6 47. Rd5
Rc3 48. h4 Ke6 49. Rd8 Bd6 50. h5 gxh5 51. Bxh5 d2 52. Re8+ Kd7 53. Rh8 Rf3 54.
Be8+ Ke7 55. Ba4 Bc5 56. Rh7+ Kf6 57. Rxh6+ Kg5 58. Rc6 Rxf2+ 59. Kh3 Bd6 60.
Rc3 Rf1 61. g4 fxg4+ 62. Kg2 d1=Q 0-1

[Event "World Rapid Women 2019"]
[Site "Moscow RUS"]
[Date "2019.12.28"]
[Round "10.57"]
[White "Gvanceladze, Anna"]
[Black "Nosacheva, Mariya"]
[Result "1/2-1/2"]
[WhiteTitle "WFM"]
[BlackTitle "WFM"]
[WhiteElo "2270"]
[BlackElo "2243"]
[WhiteFideId "4113721"]
[BlackFideId "34111422"]
[EventDate "2019.12.26"]

1. Nf3 Nf6 2. c4 g6 3. g3 Bg7 4. Bg2 O-O 5. O-O d6 6. Nc3 Nc6 7. d3 e5 8. Rb1 a5
9. a3 h6 10. b4 axb4 11. axb4 Be6 12. b5 Ne7 13. Nd2 Rb8 14. Bb2 b6 15. Ra1 Nh5
16. Qc2 f5 17. Nd5 Kh7 18. Ra7 Rc8 19. e3 Nxd5 20. cxd5 Bd7 21. Qc4 f4 22. exf4
exf4 23. Bxg7 Nxg7 24. Rc1 Qf6 25. Ne4 Qb2 26. Rxc7 Rxc7 27. Qxc7 Rc8 28. Qxc8
Bxc8 29. Rxc8 Qb1+ 30. Bf1 Nf5 31. Rc7+ Kg8 32. Rd7 Kf8 33. g4 Nd4 34. Nf6 Nf3+
35. Kg2 Nh4+ 36. Kg1 Qa1 37. Rxd6 Nf3+ 38. Kg2 Nh4+ 39. Kg1 Nf3+ 40. Kg2 Nd4 41.
Rd7 f3+ 42. Kg3 Nxb5 43. d4 Qxf1 44. Nh7+ Ke8 1/2-1/2

[Event "World Rapid Women 2019"]
[Site "Moscow RUS"]
[Date "2019.12.28"]
[Round "10.58"]
[White "Bulatova, Kamaliya"]
[Black "Nilssen, Ellen Fredericia"]
[Result "1-0"]
[WhiteTitle "WFM"]
[BlackTitle "WFM"]
[WhiteElo "2143"]
[BlackElo "2000"]
[WhiteFideId "34111546"]
[BlackFideId "1441230"]
[EventDate "2019.12.26"]

1. Nf3 Nf6 2. b3 d5 3. Bb2 e6 4. e3 c5 5. Bb5+ Bd7 6. Bxd7+ Nbxd7 7. d4 cxd4 8.
Qxd4 Bc5 9. Qh4 Be7 10. Nbd2 Ne4 11. Qh3 Bf6 12. Bxf6 Qxf6 13. O-O Nxd2 14. Nxd2
Qc3 15. Rfd1 Qxc2 16. e4 Nb6 17. Rac1 Qxa2 18. Qc3 Qa3 19. Qxg7 Qf8 20. Qe5 Rd8
21. exd5 Rxd5 22. Qb8+ Rd8 23. Qxb7 Qd6 24. g3 O-O 25. Qxa7 Nd5 26. Qa1 Qe7 27.
Rc4 Qf6 28. Qc1 Ne7 29. Ne4 Qf3 30. Qg5+ Kh8 31. Re1 Qf5 32. Qxe7 f6 33. Rc7
Rde8 34. Qg7# 1-0

[Event "World Rapid Women 2019"]
[Site "Moscow RUS"]
[Date "2019.12.28"]
[Round "10.59"]
[White "Potapova, Margarita"]
[Black "Antonova, Nadezhda"]
[Result "1-0"]
[WhiteTitle "WFM"]
[BlackTitle "WFM"]
[WhiteElo "2307"]
[BlackElo "1913"]
[WhiteFideId "14126869"]
[BlackFideId "14700182"]
[EventDate "2019.12.26"]

1. d4 Nf6 2. c4 g6 3. Nc3 Bg7 4. e4 d6 5. Nf3 O-O 6. h3 Nc6 7. Be3 e5 8. d5 Ne7
9. g4 c6 10. Qd2 cxd5 11. cxd5 Qa5 12. Bd3 Bd7 13. Nb5 Qxd2+ 14. Nxd2 Bxb5 15.
Bxb5 a6 16. Bd3 Rac8 17. Ke2 Nd7 18. Nc4 f5 19. gxf5 gxf5 20. Nxd6 fxe4 21. Bxe4
Rc7 22. Rhg1 Kh8 23. f3 Nf6 24. Rgd1 Rd7 25. Bc5 b6 26. Ba3 b5 27. Rac1 Rb8 28.
Nf7+ Kg8 29. Nxe5 Rxd5 30. Bxd5+ Nexd5 31. Bc5 Re8 32. Bd6 Nf4+ 33. Kf2 Nxh3+
34. Kg3 Ng5 35. Ng4 Nxg4 36. Kxg4 Nf7 37. b3 Nh6+ 38. Kf4 Re6 39. Rc8+ Kf7 40.
Rc7+ Kg8 41. Rg1 Rf6+ 42. Ke4 Re6+ 43. Kd5 Rg6 44. Rxg6 hxg6 45. Ra7 Nf5 46.
Rxa6 Nd4 47. Ra8+ Kh7 48. Ra7 Nf5 49. Be5 Kh6 50. Bxg7+ Nxg7 51. a4 bxa4 52.
bxa4 Ne8 53. a5 Kg5 54. a6 Kf4 55. Rf7+ Kg5 56. a7 1-0